[Event "Floripa Chess Open 2024"]
[Site "Florianopolis"]
[Date "2024.01.26"]
[Round "8.23"]
[White "Dos Santos Dutra, Fernando Junior Fre"]
[Black "Cueto, Jonny"]
[Result "1-0"]
[WhiteElo "2262"]
[BlackElo "2108"]
[PlyCount "79"]
[EventDate "2024.01.20"]
[EventRounds "10"]
[EventCountry "BRA"]

1. d4 g6 2. c4 Bg7 3. e4 Nc6 4. Be3 d6 5. Nc3 e5 6. d5 Nce7 7. h4 f5 8. h5 f4
9. Bd2 g5 ({RR} 9... Nf6 10. Be2 gxh5 11. Bxh5+ Ng6 12. Qe2 c5 13. g3 fxg3 14.
fxg3 Bd7 15. O-O-O a6 16. Bg5 O-O 17. Qh2 Rf7 18. Nf3 Qf8 19. Rdf1 b5 20. Bxg6
hxg6 21. Nxe5 dxe5 22. Bxf6 Bxf6 23. Rxf6 Qg7 24. Rxg6 {Smirnov,A (2463)
-Onischuk,V (2594) Albena 2014 1-0}) 10. g4 fxg3 11. f3 $146 ({RR} 11. fxg3 h6
12. Nh3 Nf6 13. Nf2 c6 14. Be3 c5 15. Be2 Bd7 16. a3 a6 17. b4 b6 18. Rb1 Rb8
19. Rb3 Qc7 20. Qd2 Nc8 21. Qb2 O-O 22. a4 Na7 23. Kd2 Be8 24. Rb1 Bxh5 25. g4
Bg6 {Dutta,J (2309)-Galappaththi,C (2112) Ambalangoda 2013 1-0 (40)}) 11... h6
12. Nge2 Nf6 13. Nxg3 O-O 14. Be3 c5 15. a3 a5 16. Rb1 Bd7 17. b3 Ne8 18. Rh2
Nc7 19. Rhb2 b6 20. Be2 Kh8 21. Kd2 Qe8 22. b4 axb4 23. axb4 Na6 24. bxc5 bxc5
25. Rb6 Nc8 26. Rb7 Nb4 27. Ra1 Rxa1 28. Qxa1 Bf6 29. Nb5 Qd8 30. Rb8 Bg7 31.
Qa8 Bxb5 32. cxb5 Nb6 33. Rxd8 Nxa8 34. Rxd6 Rc8 35. b6 Rb8 36. b7 Nc7 37. Rb6
Bf8 38. Nf5 Kh7 39. Bc4 Ne8 40. Bf2 1-0

[Event "Floripa Chess Open 2024"]
[Site "Florianopolis"]
[Date "2024.01.26"]
[Round "8.24"]
[White "Almeida Junior, Alvaro Alves De"]
[Black "Pires, Marcos Vinicius Tor"]
[Result "1/2-1/2"]
[WhiteElo "2099"]
[BlackElo "2253"]
[PlyCount "105"]
[EventDate "2024.01.20"]
[EventRounds "10"]
[EventCountry "BRA"]

1. e4 e5 2. Nf3 Nc6 3. Bc4 Bc5 4. b4 Bxb4 5. c3 Be7 6. d4 Na5 7. Nxe5 Nxc4 8.
Nxc4 d5 9. exd5 Qxd5 10. Ne3 Qa5 11. O-O Nf6 12. Re1 ({RR} 12. c4 O-O 13. Bd2
Bb4 14. Bxb4 Qxb4 15. Qd3 b6 16. Nc3 Bd7 17. Rfd1 Rad8 18. a4 a5 19. h3 Qd6 20.
Rac1 Rfe8 21. c5 bxc5 22. dxc5 Qxd3 23. Rxd3 Rb8 24. Rcd1 Bc6 25. Nc4 Rb4 26.
Nxa5 Bxa4 {Fressinet,L (2707)-Efimenko,Z (2701) Wijk aan Zee 2011 1/2-1/2}) ({
RR} 12. c4 c6 13. Bb2 Be6 14. Nd2 O-O 15. Nb3 Qa6 16. Qc2 Rfd8 17. Rad1 Rac8
18. Ba1 b5 19. cxb5 cxb5 20. Nc5 Qxa2 21. Bb2 Qa5 22. Ra1 Qb6 23. Rfc1 Nd7 24.
Nxd7 Rxc2 25. Nxb6 Rxc1+ 26. Rxc1 axb6 {Ciuffoletti,P (2106)-Loiacono,A (2350)
chess.com INT 2023 0-1 (46)}) 12... Be6 13. d5 Nxd5 14. Nxd5 $146 ({RR} 14. Nc4
Qa6 15. Nbd2 O-O 16. Qf3 Bf6 17. Ne5 Ne7 18. c4 Qa5 19. Qf4 Ng6 20. Nxg6 Bxa1
21. Ne7+ Kh8 22. Re3 Bf6 23. Ba3 Qxd2 {0-1 (23) Fuehrer,M-Luig,B Rheinhessen
2000}) 14... Qxd5 15. Qxd5 Bxd5 16. Bf4 Be6 17. Bxc7 O-O 18. Nd2 Rac8 19. Be5
Rfd8 20. Nf3 Bd6 21. Bd4 Bc5 22. h3 h6 23. Re3 Rd6 24. a4 Ra6 25. Bxc5 Rxc5 26.
Nd4 Bd7 27. Re7 Rd5 28. Nb3 Kf8 29. Rae1 Re6 30. R7xe6 Bxe6 31. Rb1 Bf5 32. Rb2
b6 33. Kf1 Bd7 34. c4 Re5 35. Ra2 Be6 36. Rc2 Ke7 37. f3 Bd7 38. Ra2 Kd6 39. a5
Re3 40. axb6 axb6 41. Nd2 Be6 42. Rb2 Kc6 43. Kf2 Rc3 44. Rb4 f5 45. Ke2 Bd7
46. Rb3 Rc1 47. Re3 Kd6 48. Rb3 Kc7 49. Re3 Kd8 50. Rb3 Kc7 51. Re3 Kd6 52. Rb3
Kc7 53. Re3 1/2-1/2

[Event "Floripa Chess Open 2024"]
[Site "Florianopolis"]
[Date "2024.01.26"]
[Round "8.25"]
[White "Coppola, Claudio"]
[Black "Lage, Pedro Ferreira"]
[Result "1-0"]
[WhiteElo "2250"]
[BlackElo "2100"]
[PlyCount "75"]
[EventDate "2024.01.20"]
[EventRounds "10"]
[EventCountry "BRA"]

1. d4 d5 2. c4 c6 3. Nf3 Nf6 4. g3 Bf5 5. Bg2 e6 6. O-O Nbd7 7. Nc3 h6 8. b3
Be7 9. Bb2 O-O 10. Ne5 Bh7 ({RR} 10... Bd6 11. Nd3 Bh7 12. Re1 a5 13. e4 dxe4
14. Nxe4 Nxe4 15. Bxe4 Bxe4 16. Rxe4 Nf6 17. Rh4 a4 18. Bc3 Be7 19. bxa4 Nd5
20. cxd5 Bxh4 21. gxh4 Qxd5 22. a5 Rfd8 23. Rb1 Qe4 24. Nc5 Qxh4 25. Qf3 {
Suleymanli,A (2586)-Bluebaum,M (2670) chess.com INT 2023 0-1 (53)}) 11. Nxd7 ({
RR} 11. Re1 a5 12. Nd3 Re8 13. Rc1 Qb8 14. a4 Rd8 15. e3 Qa7 16. Qe2 Rac8 17.
Red1 Qa6 18. cxd5 exd5 19. Bf1 Qb6 20. Qc2 Nb8 21. Ba1 Na6 22. Qb2 Re8 23. Ne5
Rcd8 24. Nd3 Nc7 25. Ne2 Ne6 {Zhao,S (2151)-Shen Yang (2399) Shenzhen CHN 2023
1-0 (72)}) 11... Qxd7 12. Qd2 $146 ({RR} 12. e3 Rfe8 13. Qe2 Bb4 14. a3 Bf8 15.
e4 Qc7 16. e5 Nd7 17. cxd5 cxd5 18. Rac1 Qb6 19. b4 Rec8 20. Bh3 Qd8 21. f4 Nb6
22. f5 Bxf5 23. Bxf5 exf5 24. Rxf5 Rc6 25. Rcf1 Qd7 26. Qf3 Rc7 {Rasmussen,C  
(2314)-Schwarz,F (2258) Denmark 2015 1-0 (38)}) ({RR} 12. e3 Rfd8 13. Rc1 Rac8
14. Qe2 Qe8 15. Rfd1 Rd7 16. cxd5 cxd5 17. Na4 Rdc7 18. Rxc7 Rxc7 19. Rc1 Rxc1+
20. Bxc1 Qc6 21. Bb2 b5 22. Nc5 Bxc5 23. dxc5 Qxc5 24. Bf1 a6 25. a4 Bc2 26.
Bd4 Qc6 {Mudrak,J (2379)-Sitnik,I (2258) Stare Mesto 2003 1/2-1/2 (34)}) 12...
Rfd8 13. Rad1 Rac8 14. Rfe1 Qc7 15. e4 dxe4 16. Nxe4 Nxe4 17. Bxe4 Bxe4 18.
Rxe4 Bf6 19. Qe2 c5 20. d5 Bxb2 21. Qxb2 exd5 22. cxd5 Re8 23. d6 Qd7 24. Re5
b6 25. Rde1 Kf8 26. Qd2 Rxe5 27. Rxe5 Rd8 28. Rd5 Qe6 29. Qd3 Rd7 30. h4 h5 31.
Rxh5 Rxd6 32. Qf3 Rd7 33. Qf4 Qd6 34. Rh8+ Ke7 35. Qe4+ Qe6 36. Qa8 Qh3 37.
Re8+ Kf6 38. Qc6+ 1-0

[Event "Floripa Chess Open 2024"]
[Site "Florianopolis"]
[Date "2024.01.26"]
[Round "8.27"]
[White "Cunha, Lucas Aguiar"]
[Black "Bastos Seixas, Pedro Lucas"]
[Result "1-0"]
[WhiteElo "2230"]
[BlackElo "2049"]
[PlyCount "63"]
[EventDate "2024.01.20"]
[EventRounds "10"]
[EventCountry "BRA"]

1. e4 c5 2. Nf3 d6 3. d4 cxd4 4. Nxd4 Nf6 5. Nc3 e6 6. Be2 Be7 7. O-O a6 8. a4
b6 9. f4 ({RR} 9. Be3 Bb7 10. f3 Nbd7 11. Nb3 O-O 12. Kh1 Qc7 13. Qe1 Ne5 14.
Qf2 Nfd7 15. Bd4 Rfe8 16. Qg3 Bf8 17. Rfd1 Rac8 18. Be3 Nc5 19. Nxc5 bxc5 20.
Bf4 f6 21. Be3 Rcd8 22. f4 Nc6 23. f5 exf5 {Quparadze,G (2462)-Zubov,A (2601)
Moscow RUS 2019 0-1 (61)}) 9... Bb7 10. Bf3 Qc7 11. f5 $146 ({RR} 11. e5 dxe5
12. fxe5 Nfd7 13. Bxb7 Qxb7 14. Qg4 Bc5 15. Kh1 Bxd4 16. Qxd4 O-O 17. Bf4 Nc6
18. Qe3 Ne7 19. Qg3 Ng6 20. Rae1 Qc7 21. h4 Nxf4 22. Qxf4 Rab8 23. h5 h6 24.
Rf3 Kh7 25. Rg3 f6 {Ross,L-Rivera,I Villa Giardino 2002 1-0 (34)}) ({RR} 11. e5
dxe5 12. fxe5 Nfd7 13. Bf4 Nc6 14. Nxc6 Bxc6 15. Bxc6 Qxc6 16. Qg4 O-O-O 17.
Qe2 Kb7 18. Bg3 f5 19. exf6 gxf6 20. Rad1 e5 21. Nd5 Bc5+ 22. Kh1 Bd4 23. Nb4
Qxa4 24. Qe4+ Kc8 25. Rxd4 exd4 {Varshini,V (2242)-Anjitha,K (1445) Ahmedabad
IND 2020 1-0}) ({RR} 11. Kh1 Nc6 12. Nde2 O-O 13. Be3 Rad8 14. Qe1 Na5 15. Rd1
Nc4 16. Bc1 Rfe8 17. b3 Na5 18. Bb2 Bf8 19. Qh4 d5 20. exd5 exd5 21. Nd4 Ne4
22. Nce2 Nc6 23. Nf5 Bc8 24. Nh6+ Kh8 25. Qh5 Nd6 {Holst,A (2348)-Bindzus,N  
(2013) Horsens 2003 1-0 (35)}) 11... e5 12. Nb3 h5 13. Be3 Nbd7 14. Kh1 Rc8 15.
Rf2 Qc4 16. Nd2 Qc6 17. Rc1 Nc5 18. b3 Ncd7 19. Nd5 Nxd5 20. exd5 Qc3 21. Re2
b5 22. Ne4 Qa5 23. axb5 axb5 24. c4 bxc4 25. bxc4 Nf6 26. Rb2 Nxe4 27. Bxe4 Ba6
28. Ra1 Qc3 29. Qa4+ Kf8 30. Qxa6 Rxc4 31. Rb8+ Bd8 32. Rxd8+ 1-0

[Event "Floripa Chess Open 2024"]
[Site "Florianopolis"]
[Date "2024.01.26"]
[Round "8.28"]
[White "Bauza, Alejandro"]
[Black "Veloso, Henrique Barbosa"]
[Result "1/2-1/2"]
[WhiteElo "2205"]
[BlackElo "2029"]
[PlyCount "62"]
[EventDate "2024.01.20"]
[EventRounds "10"]
[EventCountry "BRA"]

1. Nf3 Nf6 2. g3 b6 3. Bg2 Bb7 4. O-O e6 5. c4 Be7 6. Nc3 O-O 7. d4 Ne4 8. Bd2
d5 9. Ne5 Nd7 10. cxd5 Nxc3 11. Bxc3 Nxe5 12. d6 Bxg2 13. dxe7 Qxe7 14. Kxg2
Rfd8 $146 ({RR} 14... Nd7 15. Qa4 c5 16. Rad1 Rfd8 17. dxc5 Nxc5 18. Qc6 f6 19.
Bb4 Kf7 20. Bxc5 bxc5 21. Rc1 Rac8 22. Qa6 Qc7 23. Rc2 Qb6 24. Qa3 Rd4 25. Rfc1
Rb4 26. Rd1 Rc7 27. Qc3 a5 28. h4 a4 29. Rd8 {Portisch,L-Eliskases,E Leipzig
1960 1-0 (44)}) 15. Qa4 Qd7 16. Qxd7 Nxd7 17. b4 b5 18. a4 a6 19. axb5 axb5 20.
Ra5 c6 21. Rfa1 Nb6 22. Rxa8 Rxa8 23. Ra5 Kf8 24. e4 f6 25. g4 Ke7 26. f4 Kd6
27. Be1 Rxa5 28. bxa5 Nc4 29. Bb4+ Kc7 30. Kf3 g6 31. f5 exf5 1/2-1/2

[Event "Floripa Chess Open 2024"]
[Site "Florianopolis"]
[Date "2024.01.26"]
[Round "8.29"]
[White "Curi, Gabriel"]
[Black "Terao, Juliana Sayumi"]
[Result "1-0"]
[WhiteElo "2069"]
[BlackElo "2198"]
[PlyCount "157"]
[EventDate "2024.01.20"]
[EventRounds "10"]
[EventCountry "BRA"]

1. d4 Nf6 2. c4 e6 3. Nc3 Bb4 4. f3 c5 5. d5 O-O 6. Nh3 ({RR} 6. a3 Bxc3+ 7.
bxc3 Re8 8. e4 d6 9. Ne2 Qa5 10. Bd2 Nbd7 11. Ng3 Nb6 12. Be2 Bd7 13. a4 h6 14.
O-O Nxa4 15. Bd3 a6 16. f4 exd5 17. cxd5 b5 18. Bc2 Qb6 19. Kh1 Nb2 20. Qf3 Nc4
{Carlsen,M (2801)-Karpov,A (2619) Moscow 2009 0-1 (74)}) ({RR} 6. a3 Bxc3+ 7.
bxc3 exd5 8. cxd5 d6 9. Bg5 Nbd7 10. e4 Qa5 11. Ne2 h6 12. Bd2 Ne5 13. Qc2 c4
14. Ng3 b5 15. Be2 Nfd7 16. Be3 Qc7 17. O-O Nc5 18. Nf5 Bxf5 19. exf5 Rfe8 20.
Bd4 Ned3 {Bongo Akanga Ndjila,B (1803)-Silva,M (2213) chess.com INT 2022 0-1  
(37)}) 6... d6 7. Nf2 b5 8. e4 Re8 $146 ({RR} 8... bxc4 9. Bxc4 exd5 10. Bxd5
Nxd5 11. Qxd5 Qb6 12. O-O Nc6 13. Qxd6 Nd4 14. Qxb6 axb6 15. Bd2 Be6 16. a3 Nb3
17. Rad1 Nxd2 18. Rxd2 Bxc3 19. bxc3 Rxa3 20. Rb1 Bb3 21. Ng4 b5 22. Ne3 Rfa8
23. Kf2 {Van Rensburg,R (2103)-Klaasen,C (2093) Cape Town 2011 1-0}) 9. Bd2
Bxc3 10. Bxc3 b4 11. Bd2 exd5 12. cxd5 Nxd5 13. Be2 Nb6 14. O-O Nc6 15. a3 bxa3
16. Rxa3 Be6 17. Bb5 Qc7 18. Bf4 Red8 19. Bxc6 Qxc6 20. Qa1 a6 21. Rc1 Nc4 22.
Ra4 Nxb2 23. Rb4 Nc4 24. Rbxc4 Bxc4 25. Rxc4 a5 26. Ng4 d5 27. Bh6 f6 28. exd5
Rxd5 29. Bf4 a4 30. Ne3 Rd4 31. Qxd4 cxd4 32. Rxc6 dxe3 33. Bxe3 a3 34. Rc1 a2
35. Bd4 Rb8 36. Ra1 Rb4 37. Bc3 Rb3 38. Bxf6 gxf6 39. Rxa2 Kf7 40. h4 h5 41.
Kh2 Kg6 42. Ra8 Rb4 43. Kg3 Rc4 44. Rg8+ Kh7 45. Re8 Kg6 46. Re4 Rc1 47. Kf4
Rh1 48. g3 Rf1 49. Ra4 Rh1 50. Ra5 Rg1 51. g4 hxg4 52. fxg4 Rf1+ 53. Kg3 Rg1+
54. Kh3 Rh1+ 55. Kg3 Rg1+ 56. Kf3 Rf1+ 57. Kg2 Rb1 58. Rf5 Rb3 59. Rf3 Rb1 60.
Kg3 Rb4 61. h5+ Kg7 62. Ra3 Rc4 63. Ra7+ Kh6 64. Rf7 Rc6 65. Kf4 Rc4+ 66. Kf5
Rc5+ 67. Kxf6 Rb5 68. Re7 Rb6+ 69. Kf5 Rb5+ 70. Re5 Rb1 71. Re6+ Kg7 72. Re7+
Kf8 73. Ra7 Rb5+ 74. Kg6 Rb6+ 75. Kg5 Rb5+ 76. Kh6 Rb6+ 77. Kh7 Rb5 78. Rg7 Ra5
79. h6 1-0

[Event "Floripa Chess Open 2024"]
[Site "Florianopolis"]
[Date "2024.01.26"]
[Round "8.30"]
[White "Cordeiro, Marco Aurelio Zaror"]
[Black "Caetano, Ryan Wesley Da Cost"]
[Result "1/2-1/2"]
[WhiteElo "2057"]
[BlackElo "2184"]
[PlyCount "156"]
[EventDate "2024.01.20"]
[EventRounds "10"]
[EventCountry "BRA"]

1. e4 e5 2. Nf3 Nc6 3. Bb5 Nge7 4. O-O g6 5. d4 exd4 6. Nxd4 Bg7 7. Be3 O-O 8.
Nc3 d6 9. Re1 ({RR} 9. Bc4 Nxd4 ({RR} 9... Ne5 10. Be2 f5 11. f4 Nf7 12. exf5
Nxf5 13. Nxf5 Bxf5 14. Bd4 Bxc2 15. Qd2 Bxd4+ 16. Qxd4 c6 17. g4 d5 18. Rac1
Be4 19. Nxe4 dxe4 20. Qxe4 Qh4 21. Qf3 Qf6 22. Qc3 Kg7 23. Qxf6+ Kxf6 24. Rcd1)
10. Bxd4 Bxd4 11. Qxd4 Nc6 12. Qe3 Be6 13. Bb3 Qf6 14. Rad1 Bxb3 15. axb3 Nb4
16. Rd2 a5 17. Nb5 Qe7 18. c3 Na6 19. Re1 Rfe8 20. Rde2 Nc5 21. Nd4 Qh4 22. f3
Re7 23. Qd2 Rae8 {Caruana,F (2794)-Kobalia,M (2542) Samarkand UZB 2023 1-0 (39)
}) ({RR} 9. Qd2 Bd7 10. Bxc6 ({RR} 10. Rad1 Nxd4 11. Bxd4 Bxd4 12. Qxd4 Bxb5
13. Nxb5 Nc6 14. Qe3 Kg7 15. c4 Qe7 16. Nc3 f6 17. Nd5 Qf7 18. b4 a6 19. a4
Rfe8 20. Rfe1 Rac8 21. c5 dxc5 22. Qxc5 Ne5 23. f4 Nd7) 10... Nxc6 11. Nxc6
bxc6 12. Bh6 Bxh6 13. Qxh6 Qf6 14. Qd2 Qe5 15. Rae1 Be6 16. f4 Qc5+ 17. Kh1 f6
18. f5 Bc4 19. Rf3 g5 20. Rh3 Rae8 21. Ree3 Qe5 22. Nd1 Bf7 23. Qe2 Re7) ({RR} 
9. Qd2 Bd7 10. Rad1 Nxd4 11. Bxd4 Bxd4 12. Qxd4 Bxb5 13. Nxb5 Nc6 14. Qe3 Kg7
15. c4 Qe7 16. Nc3 f6 17. Nd5 Qf7 18. b4 a6 19. a4 Rfe8 20. Rfe1 Rac8 21. c5
dxc5 22. Qxc5 Ne5 23. f4 Nd7 {Maryasin,B (2277)-Vaissenberg,P (2203) Israel
ISR 2023 1-0 (34)}) 9... a6 10. Bf1 Ne5 11. h3 c5 $146 ({RR} 11... b5 12. Rb1
Bb7 13. Nb3 c5 14. Nd5 Nxd5 15. exd5 Qb6 16. c3 Rae8 17. Bf4 c4 18. Be3 Qd8 19.
Nd4 Qa8 20. f4 Nd7 21. a4 bxa4 22. Nc6 Bxc6 23. dxc6 Qxc6 24. Ra1 a3 25. Rxa3
Rxe3 26. Rxe3 {Ross,P (2103)-Benjamin,J (2608) Kerhonkson 2002 0-1 (35)}) 12.
Nb3 b5 13. f4 N5c6 14. Qd2 Qc7 15. Nd1 Bb7 16. c3 Rad8 17. Qf2 Qc8 18. Nd2 f5
19. e5 Nd5 20. exd6 Nxe3 21. Nxe3 Rxd6 22. a4 c4 23. axb5 axb5 24. Nf3 Qc7 25.
Nc2 Rd5 26. g3 Rfd8 27. Bg2 Rd3 28. Re2 Qd7 29. Rae1 Bf6 30. Qb6 b4 31. cxb4
Bxb2 32. Qc5 Kh8 33. Qxc4 Bc3 34. Re8+ Rxe8 35. Rxe8+ Qxe8 36. Qxd3 Bf6 37. Qd6
Be7 38. Qc7 Qb8 39. Qxb8+ Nxb8 40. Ne5 Bxg2 41. Kxg2 Kg7 42. b5 Kf6 43. Nd4 Bd6
44. Ndc6 Nxc6 45. bxc6 Ke6 46. Kf3 Kd5 47. Nf7 Kxc6 48. Ng5 Kd5 49. Nxh7 Ke6
50. Ng5+ Kf6 51. h4 Bb4 52. Nh3 Ba5 53. Ke2 Kg7 54. Ng1 Bb6 55. Nf3 Kh6 56. Ne5
Kg7 57. Kf3 Ba5 58. Nd3 Bd8 59. Kg2 Kf6 60. Kh3 Bc7 61. g4 fxg4+ 62. Kxg4 Ba5
63. Nf2 Kg7 64. Ne4 Bc7 65. Ng5 Ba5 66. Nf3 Bc7 67. Ne5 Ba5 68. Nc6 Bb6 69. Kg5
Bc7 70. Kg4 Bb6 71. Kg5 Bc7 72. Nd4 Ba5 73. h5 gxh5 74. Kxh5 Kf7 75. Kg4 Bd2
76. f5 Ba5 77. Kf4 Be1 78. Ke4 Bg3 1/2-1/2

[Event "Floripa Chess Open 2024"]
[Site "Florianopolis"]
[Date "2024.01.26"]
[Round "8.31"]
[White "Gauche, Charles"]
[Black "Rekik, Ismail"]
[Result "1-0"]
[WhiteElo "2182"]
[BlackElo "1919"]
[PlyCount "94"]
[EventDate "2024.01.20"]
[EventRounds "10"]
[EventCountry "BRA"]

1. e4 Nf6 2. e5 Nd5 3. d4 d6 4. Nf3 g6 5. c4 Nb6 6. Bf4 Bg7 7. Nc3 Nc6 ({RR} 
7... O-O 8. Qd2 Bg4 9. Qe3 Nc6 10. O-O-O d5 11. c5 Nc4 12. Bxc4 dxc4 13. Qe2
Na5 14. d5 Bf5 15. Qe3 b6 16. c6 Qc8 17. Bh6 Rd8 18. Bxg7 Kxg7 19. Nd4 Bd3 20.
h4 Qg4 21. f3 Qc8 22. h5 {Naroditsky,D (2618)-Babazada,K (2460) chess.com INT
2023 1-0}) ({RR} 7... O-O 8. Be2 Nc6 9. exd6 cxd6 10. O-O Bg4 11. d5 Bxf3 12.
Bxf3 Na5 13. Rc1 Naxc4 14. b3 Ne5 15. Be2 a6 16. Be3 Rc8 17. f4 Ned7 18. Bf3
Rxc3 19. Rxc3 Bxc3 20. Qd3 Bb4 21. Rc1 Bc5 22. h4 {Denishev,M (2247)-Llanos,G 
(2296) chess.com INT 2023 0-1 (31)}) 8. c5 dxc5 9. dxc5 Nd7 10. e6 $146 ({RR} 
10. Bb5 O-O 11. Bxc6 bxc6 12. Qd4 g5 13. Bxg5 Nxe5 14. O-O-O Qxd4 15. Nxd4 Ba6
16. Be3 Rfd8 17. Nf5 Nd3+ 18. Kb1 Bf6 19. Ne4 Bxb2 20. Nxe7+ Kf8 21. Nxc6 Bg7
22. Nd2 Rd5 23. Nb3 Bb5 24. Ncd4 Bc4 {Palacios de la Prida,E-Timman,J Malaga
1971 0-1 (40)}) 10... fxe6 11. Nb5 e5 12. Be3 a6 13. Ng5 Nf8 14. Qxd8+ Kxd8 15.
Nf7+ Ke8 16. Nxc7+ Kxf7 17. Nxa8 Nd4 18. Bc4+ Be6 19. Rc1 Nd7 20. Bxe6+ Kxe6
21. Nb6 Nb8 22. f3 Nbc6 23. Bxd4 exd4 24. Kd2 Bh6+ 25. Kd3 Bxc1 26. Rxc1 Rd8
27. a3 Ne5+ 28. Kd2 g5 29. Re1 Kf5 30. b4 h5 31. h3 e6 32. a4 Nc6 33. b5 axb5
34. axb5 Ne5 35. Rc1 Nd7 36. Na4 Rc8 37. Kd3 Ke5 38. Rc4 h4 39. c6 bxc6 40.
bxc6 Nb8 41. c7 Na6 42. Nc5 Nxc7 43. Ne4 Ra8 44. Rxc7 Ra3+ 45. Kd2 Ra2+ 46. Rc2
Ra1 47. Nxg5 Rg1 1-0

[Event "Floripa Chess Open 2024"]
[Site "Florianopolis"]
[Date "2024.01.26"]
[Round "8.32"]
[White "Takano, Nicholas Ryo"]
[Black "Da Silva, Lucas Pereira Mende"]
[Result "0-1"]
[WhiteElo "2172"]
[BlackElo "1974"]
[PlyCount "88"]
[EventDate "2024.01.20"]
[EventRounds "10"]
[EventCountry "BRA"]

1. e4 c5 2. Nf3 d6 3. d4 cxd4 4. Nxd4 Nf6 5. Nc3 a6 6. Be3 e5 7. Nb3 Be6 8. f3
h5 9. Qd2 Nbd7 10. Be2 Be7 11. O-O Rc8 12. Rac1 Nb6 13. Rfd1 d5 14. exd5 Nbxd5
15. Qe1 $146 ({RR} 15. Nxd5 Nxd5 16. Bf2 Bg5 17. Qd3 Bxc1 18. Nxc1 Nf4 19.
Qxd8+ Rxd8 20. Rxd8+ Kxd8 21. Bf1 Kc7 22. Nd3 Nxd3 23. Bxd3 Bxa2 24. b3 Rd8 25.
Kf1 Bxb3 26. Bg3 f6 27. Ke2 Bf7 28. Kd2 Bc4 {0-1 (28) Wahlgreen,N (1721)
-Laustsen,L (2140) Ballerup DEN 2019}) ({RR} 15. Nxd5 Nxd5 16. Bf2 Bg5 17. Qd3
Bxc1 18. Nxc1 Nf4 19. Qxd8+ Rxd8 20. Rxd8+ Kxd8 21. Bf1 Kc7 22. Nd3 Nxd3 23.
Bxd3 Bxa2 24. b3 Rd8 25. Kf1 Bxb3 26. Bg3 f6 27. Ke2 Bf7 28. Kd2 Bc4 {0-1 (28)
Wahlgreen,N (1721)-Laustsen,L (2140) Ballerup DEN 2019}) 15... Qc7 16. Nxd5
Nxd5 17. Bd2 O-O 18. Bd3 Nf4 19. Bxf4 exf4 20. Kh1 Bf6 21. c3 Rfe8 22. Qf2 g6
23. Bb1 Rcd8 24. Nd2 Be7 25. Qe2 Bh4 26. Ne4 Kg7 27. Rxd8 Rxd8 28. b3 Qe5 29.
c4 f5 30. Nc3 Qe3 31. Qxe3 fxe3 32. g3 Bf6 33. Ne2 Rd2 34. Re1 g5 35. f4 g4 36.
Kg1 Bb2 37. Kf1 Kf6 38. Nc1 Bxc1 39. Rxc1 Rxh2 40. Re1 Rf2+ 41. Kg1 Rf3 42. Kg2
Bd7 43. Bd3 Bc6 44. Re2 h4 0-1

[Event "Floripa Chess Open 2024"]
[Site "Florianopolis"]
[Date "2024.01.26"]
[Round "8.33"]
[White "Silverio, Vitor Luis De Jesus"]
[Black "Federzoni, Enzo"]
[Result "1-0"]
[WhiteElo "1773"]
[BlackElo "2170"]
[PlyCount "87"]
[EventDate "2024.01.20"]
[EventRounds "10"]
[EventCountry "BRA"]

1. e4 c5 2. Nf3 d6 3. d4 cxd4 4. Nxd4 Nf6 5. Nc3 a6 6. Bg5 e6 7. f4 Be7 8. Qf3
Qc7 9. O-O-O Nbd7 10. g4 b5 11. Bxf6 Nxf6 12. g5 Nd7 13. f5 O-O 14. Rg1 b4 15.
Nce2 e5 16. f6 exd4 17. fxe7 Re8 18. Nxd4 Ne5 19. Qf4 Be6 ({RR} 19... a5 20.
Bb5 Rxe7 21. Ba4 Be6 22. Kb1 Qc4 23. Bb3 Qc5 24. Nf5 Bxf5 25. exf5 a4 26. Bd5
Rc8 27. Qd2 a3 28. g6 Kh8 29. gxf7 Nxf7 30. Qg2 Nh6 31. f6 gxf6 32. Bb3 Qe5 33.
c3 bxc3 34. bxa3 {Giri,A (2764)-Grischuk,A (2777) chess.com INT 2020 1/2-1/2  
(44)}) 20. Kb1 Rxe7 21. Nf5 ({RR} 21. Rg2 Qc5 22. Nf5 Rd7 23. Rgd2 Rad8 24. h4
a5 25. h5 a4 26. h6 a3 27. hxg7 axb2 28. Nh6+ Kxg7 29. Qf6+ Kf8 30. Qh8+ Ke7
31. Nf5+ Bxf5 32. Qf6+ Kf8 33. exf5 Kg8 34. Rd5 Qc3 35. Bb5 Ra8 {Botta,M (2258)
-Frescura,D (2050) Bacoli ITA 2023 1-0 (43)}) 21... Bxf5 $146 ({RR} 21... Rd7
22. Rg2 Rad8 23. Ne3 d5 24. exd5 Bxd5 25. Nxd5 Rxd5 26. Rgd2 Rxd2 27. Rxd2 Rxd2
28. Qxd2 a5 29. Qd5 g6 30. h4 Ng4 31. Be2 h5 32. Bd3 Kg7 33. Qd4+ Kg8 34. b3
Qe7 35. Kb2 Ne3 36. Kc1 {Kosteniuk,A (2439)-Ju,W (2543) Beijing 2011 1/2-1/2  
(49)}) 22. exf5 a5 23. f6 Ree8 24. Bb5 Rec8 25. Ba4 Nc4 26. Bb3 Ne5 27. Ba4 g6
28. Qh4 h5 29. gxh6 Kh7 30. Qe4 Qc4 31. Rd4 Qe6 32. Rf1 Qh3 33. Qf4 Rc4 34.
Rxc4 Nxc4 35. Qxc4 d5 36. Qf4 Rd8 37. Rd1 Qe6 38. Bb3 Rd6 39. Rf1 Qe2 40. h4 d4
41. Bxf7 d3 42. Bxg6+ Kxg6 43. Rg1+ Kf7 44. Qxd6 1-0

[Event "Floripa Chess Open 2024"]
[Site "Florianopolis"]
[Date "2024.01.26"]
[Round "8.34"]
[White "Silva, Jeferson"]
[Black "De Oliveira, Gustavo Alfredo Bue"]
[Result "0-1"]
[WhiteElo "1957"]
[BlackElo "2147"]
[PlyCount "114"]
[EventDate "2024.01.20"]
[EventRounds "10"]
[EventCountry "BRA"]

1. d4 Nf6 2. c4 e6 3. Nc3 Bb4 4. e3 O-O 5. Bd3 b6 6. Nge2 Bb7 7. O-O d5 8. cxd5
exd5 9. Ng3 Re8 10. a3 Bf8 11. b4 Nbd7 ({RR} 11... c6 12. Bb2 a5 13. Qb3 Nbd7
14. Rfc1 b5 15. Nce2 Nb6 16. Bc3 Nc4 17. a4 axb4 18. Bxb4 bxa4 19. Rxa4 Rxa4
20. Qxa4 Nb2 21. Qb3 Nxd3 22. Qxd3 Bxb4 23. Rb1 Qa5 24. Qb3 c5 25. dxc5 Bxc5
26. Qxb7 {Antonica,D (2301)-Grandelius,N (2662) chess.com INT 2020 0-1 (57)})
12. Rb1 a6 13. a4 a5 $146 ({RR} 13... c6 14. a5 bxa5 15. bxa5 Ra7 16. Qa4 c5
17. Ba3 Qa8 18. dxc5 Bxc5 19. Rfe1 Bc6 20. Qb3 Rb7 21. Qa2 d4 22. exd4 Rxb1 23.
Rxb1 Bxd4 24. Nce2 Ba7 25. Nf4 Ne5 26. Bf1 Qd8 27. Nf5 Nfg4 28. Nh3 {Eren,A  
(2295)-Ali Marandi,C (2527) Konya TUR 2019 0-1 (36)}) ({RR} 13... c6 14. a5
bxa5 15. bxa5 Ra7 16. Qa4 c5 17. Ba3 Qa8 18. dxc5 Bxc5 19. Rfe1 Bc6 20. Qb3 Rb7
21. Qa2 d4 22. exd4 Rxb1 23. Rxb1 Bxd4 24. Nce2 Ba7 25. Nf4 Ne5 26. Bf1 Qd8 27.
Nf5 Nfg4 28. Nh3 {Eren,A (2295)-Ali Marandi,C (2527) Konya TUR 2019 0-1 (36)})
14. b5 Rc8 15. Qb3 h5 16. Ba3 h4 17. Nge2 Bxa3 18. Qxa3 Ne4 19. Nxe4 dxe4 20.
Bc4 h3 21. g3 Qf6 22. Rfc1 g5 23. Nc3 c5 24. bxc6 Rxc6 25. Bf1 Qf3 26. Nb5 Rec8
27. Rxc6 Rxc6 28. Rc1 Nf8 29. Rxc6 Bxc6 30. Nc3 Qf5 31. Qd6 Qd7 32. Qb8 Bxa4
33. Qxb6 Bc2 34. Qxa5 Bd3 35. Qxg5+ Ng6 36. Ne2 Qa4 37. Qg4 Qd1 38. f4 exf3 39.
Qxf3 Ne7 40. Kf2 Nf5 41. Bxh3 Nd6 42. Qg4+ Kf8 43. Bg2 Nc4 44. Bd5 Nb2 45. Qf3
Bg6 46. e4 Nd3+ 47. Ke3 Ne1 48. Qf6 Nc2+ 49. Kf2 Qe1+ 50. Kg2 Qxe2+ 51. Kh3 Ne3
52. Qh8+ Ke7 53. Qe5+ Kd7 54. Qf4 Qg2+ 55. Kh4 Qxh2+ 56. Kg5 Qh5+ 57. Kf6 Ng4+
0-1